Eastern Utah Libraries Catalog: Duchesne, Heber, Roosevelt, & Vernal

Golden Buddha / (Record no. 4811)

MARC details
000 -LEADER
fixed length control field 00978cam a22003618a 4500
003 - CONTROL NUMBER IDENTIFIER
control field DLC
005 - DATE AND TIME OF LATEST TRANSACTION
control field 20241220103339.0
008 - FIXED-LENGTH DATA ELEMENTS--GENERAL INFORMATION
fixed length control field 030514s2003 nyu 000 1 eng
001 - CONTROL NUMBER
control field 2003052217
010 ## - LIBRARY OF CONGRESS CONTROL NUMBER
LC control number 2003052217
020 ## - INTERNATIONAL STANDARD BOOK NUMBER
International Standard Book Number 0425191729
035 ## - SYSTEM CONTROL NUMBER
System control number (Sirsi) i9780425191729
040 ## - CATALOGING SOURCE
Original cataloging agency DLC
Transcribing agency DLC
043 ## - GEOGRAPHIC AREA CODE
Geographic area code a-cc---
050 00 - LIBRARY OF CONGRESS CALL NUMBER
Classification number PS3553.U75
Item number G65 2003
082 00 - DEWEY DECIMAL CLASSIFICATION NUMBER
Classification number 813/.54
Edition number 21
082 ## - DEWEY DECIMAL CLASSIFICATION NUMBER
Classification number CUS
092 ## - LOCALLY ASSIGNED DEWEY CALL NUMBER (OCLC)
Classification number CUS
100 1# - MAIN ENTRY--PERSONAL NAME
Personal name Cussler, Clive.
9 (RLIN) 14580
245 10 - TITLE STATEMENT
Title Golden Buddha /
Statement of responsibility, etc Clive Cussler and Craig Dirgo.
260 ## - PUBLICATION, DISTRIBUTION, ETC. (IMPRINT)
Place of publication, distribution, etc New York :
Name of publisher, distributor, etc Berkley Books,
Date of publication, distribution, etc 2003.
263 ## - PROJECTED PUBLICATION DATE
Projected publication date 0310
300 ## - PHYSICAL DESCRIPTION
Extent p. cm.
650 #0 - SUBJECT ADDED ENTRY--TOPICAL TERM
Topical term or geographic name as entry element International relations
Form subdivision Fiction.
9 (RLIN) 5674899
650 #0 - SUBJECT ADDED ENTRY--TOPICAL TERM
Topical term or geographic name as entry element Petroleum reserves
Form subdivision Fiction.
9 (RLIN) 5753769
650 #0 - SUBJECT ADDED ENTRY--TOPICAL TERM
Topical term or geographic name as entry element Ship captains
Form subdivision Fiction.
9 (RLIN) 5673823
651 #0 - SUBJECT ADDED ENTRY--GEOGRAPHIC NAME
Geographic name Tibet (China)
Form subdivision Fiction.
9 (RLIN) 6498912
655 #0 - INDEX TERM--GENRE/FORM
Genre/form data or focus term Spy stories.
9 (RLIN) 6090057
700 1# - ADDED ENTRY--PERSONAL NAME
Personal name Dirgo, Craig.
9 (RLIN) 44423
942 ## - ADDED ENTRY ELEMENTS (KOHA)
Koha item type BOOK
979 ## -
-- 268830
998 ## - LOCAL CONTROL INFORMATION (RLIN)
-- a9992
Holdings
Withdrawn status Lost status Source of classification or shelving scheme Damaged status Not for loan Collection code Home library Current library Shelving location Date acquired Source of acquisition Cost, normal purchase price Total Checkouts Total Renewals Full call number Barcode Date last seen Date checked out Cost, replacement price Price effective from Koha item type
    Dewey Decimal Classification     Fiction Wasatch County Library Wasatch County Library First Floor 04/14/2011 Donation 15.00 12 1 F Cussler 34301001001611 11/17/2025 11/10/2025 15.00 03/20/2020 BOOK
This project was made possible through a grant from the Institute of Museum and Library Service administered by the Utah State Library Division.

Wasatch County Library

  • 465 East 1200 South, Heber City, Utah 84032
  • Phone 435-654-1511 | Fax 435-654-6456

Hours

  • Monday - Friday 9:30 AM - 8:00 PM
  • Saturday 9:30 AM - 1:30 PM
  • Closed Sundays and Holidays